书目信息 |
| 题名: |
全球棉花分子育种专利发展态势研究
|
|
| 作者: | ;棉花分子育种专利研究组 编著 | |
| 分册: | ||
| 出版信息: | 北京 电子工业出版社 2018 |
|
| 页数: | xi, 168页 | |
| 开本: | 24cm | |
| 丛书名: | 面向国家重点研发计划的专题服务系列丛书 | |
| 单 册: | ||
| 中图分类: | S562 | |
| 科图分类: | ||
| 主题词: | 棉花--mian hua--作物育种--专利--研究--世界 | |
| 电子资源: | ||
| ISBN: | 978-7-121-35381-9 | |
| 000 | 01598nam 2200301 450 | |
| 001 | 012001000996 | |
| 005 | 20131107102200.0 | |
| 010 | @a978-7-121-35381-9@dCNY88.00 | |
| 099 | @aCAL 012019034413 | |
| 100 | @a20190119d2018 em y0chiy50 ea | |
| 101 | 0 | @achi |
| 102 | @aCN@b110000 | |
| 105 | @aak a 000yy | |
| 106 | @ar | |
| 200 | 1 | @a全球棉花分子育种专利发展态势研究@Aquan qiu mian hua fen zi yu zhong zhuan li fa zhan tai shi yan jiu@d= Landscape of cotton molecular breeding based on patent analysis@f棉花分子育种专利研究组编著@zeng |
| 210 | @a北京@c电子工业出版社@d2018 | |
| 215 | @axi, 168页@c彩图@d24cm | |
| 225 | 2 | @a面向国家重点研发计划的专题服务系列丛书@Amian xiang guo jia zhong dian yan fa ji hua de zhuan ti fu wu xi lie cong shu@f主编刘细文 |
| 300 | @a本书由国家科技图书文献中心专项资助 | |
| 320 | @a有书目 (第161-168页) | |
| 330 | @a本书以德温特创新索引数据库为数据源, 全面收集了全球近50年涉及棉花分子育种、基因工程育种和棉花功能基因组研究的相关专利, 系统分析了棉花分子育种专利在不同国家/地区、不同时间的申请特征, 比较分析了国内外棉花分子育种专利申请的异同, 重点分析了关键科研机构和跨国种子公司棉花分子育种专利申请的焦点, 深入阐述了近年来转基因棉花专利演变规律。 | |
| 410 | 0 | @12001 @a面向国家重点研发计划的专题服务系列丛书@f主编刘细文 |
| 510 | 1 | @aLandscape of cotton molecular breeding based on patent analysis@zeng |
| 606 | 0 | @a棉花@Amian hua@x作物育种@x专利@x研究@y世界 |
| 690 | @aS562@v5 | |
| 711 | 02 | @a棉花分子育种专利研究组@Amian hua fen zi yu zhong zhuan li yan jiu zu@4编著 |
| 801 | 0 | @aCN@b北京卓展文化@c20191020 |
| 905 | @b1197330-2@dS562@e94@f3 | |
| 全球棉花分子育种专利发展态势研究= Landscape of cotton molecular breeding based on patent analysis/棉花分子育种专利研究组编著.-北京:电子工业出版社,2018 |
| xi, 168页:彩图;24cm.-(面向国家重点研发计划的专题服务系列丛书/主编刘细文) |
| 本书由国家科技图书文献中心专项资助 |
| ISBN 978-7-121-35381-9:CNY88.00 |
| 本书以德温特创新索引数据库为数据源, 全面收集了全球近50年涉及棉花分子育种、基因工程育种和棉花功能基因组研究的相关专利, 系统分析了棉花分子育种专利在不同国家/地区、不同时间的申请特征, 比较分析了国内外棉花分子育种专利申请的异同, 重点分析了关键科研机构和跨国种子公司棉花分子育种专利申请的焦点, 深入阐述了近年来转基因棉花专利演变规律。 |
| ● |
| 相关链接 |
|
|
|
|
正题名:全球棉花分子育种专利发展态势研究
索取号:S562/94
 
预约/预借
| 序号 | 登录号 | 条形码 | 馆藏地/架位号 | 状态 | 备注 |
| 1 | 1197330 | 211973300 | 第二样本阅览室/ [索取号:S562/94] | 在馆 | |
| 2 | 1197331 | 211973319 | 第三借阅区/ [索取号:S562/94] | 在馆 | |
| 3 | 1197332 | 211973328 | 第三借阅区/ [索取号:S562/94] | 在馆 |